000 00508pam a2200157 a 4500
005 20250901165318.0
008 940816s1995 ilua b 001 0 eng
010 _a 94023423
020 _a0256114188
050 0 0 _aT351.5
_b.E54 1995
082 0 0 _a604.2/4
_220
245 0 0 _aEngineering graphics communication /
_cGary R. Bertoline, ... [et al.].
260 _aChicago :
_bIrwin,
_cc1995.
300 _a1 v. (various pagings) :
_bill. (some col.) ;
_c27 cm.
942 _2lcc
_hT351.5 .B47 1995
999 _c1973
_d1973